000 00623nam a22002177a 4500
003 UA-OsUOA
001 100122
007 ta
008 20130522b un ||||| |||| 00| 0 ukr d
090 _a821.512.164
_bТ88
942 _cBK
040 _aUA-OsUOA
_brus
_cUA-OsUOA
_dUA-OsUOA
245 _aТуркменские повести
_cсост. А. Тагана
300 _a558 с.
955 _a3
041 _arus
080 _a821.512.164
260 _aМ.
_bХудожественная литература
_c1984
650 7 _a82 Література. Літературознавство
_2UDC
999 _c386358
_d386358